Italian Logo Quiz! #3 - Statistics

General Stats
  • This quiz has been taken 51 times
  • The average score is 9 of 28
Answer Stats
Picture Answer % Correct
AC Milan
79%
Schweppes
79%
Rai
67%
Miu Miu
64%
Brioni
62%
Maxmara
44%
Bertolli
41%
Cressi
41%
Cinzano
38%
Pagani
38%
Giro D' Italia
36%
Luxottica
33%
Costa
31%
Ellesse
31%
Sparco
28%
Alpinestars
26%
Bertone
23%
Indesit
23%
Agusta MV
21%
Dainese
18%
Brembo
15%
Olivetti
15%
Pupa
15%
Castelli
13%
GEOX
13%
Mares
13%
Breil
10%
Sidi
10%
No matching quizzes found
Score Distribution
Percent of People with Each Score
Percentile by Number Answered
Your Score History
You have not taken this quiz